25 most populated cities in Andalusia - Statistics

General Stats
  • This quiz has been taken 170 times
    150 since last reset
  • The average score is 18 of 25
Answer Stats
Pop. Municipality Province % Correct
234 k Granada Granada
98%
684 k Seville Seville
98%
114 k Cádiz Cádiz
97%
578 k Málaga Málaga
97%
322 k Córdoba Córdoba
96%
200 k Almería Almería
93%
143 k Huelva Huelva
92%
112 k Jaén Jaén
89%
214 k Jerez de la Frontera Cádiz
89%
149 k Marbella Málaga
86%
136 k Dos Hermanas Seville
76%
123 k Algeciras Cádiz
73%
82.0 k Fuengirola Málaga
65%
67.9 k Torremolinos Málaga
60%
83.3 k El Ejido Almería
58%
89.1 k El Puerto de Santa María Cádiz
58%
95.0 k San Fernando Cádiz
58%
86.5 k Chiclana de la Frontera Cádiz
56%
83.0 k Vélez-Málaga Málaga
56%
98.4 k Roquetas de Mar Almería
53%
70.4 k Benalmádena Málaga
52%
86.6 k Mijas Málaga
48%
71.7 k Estepona Málaga
46%
69.6 k Sanlúcar de Barrameda Cádiz
46%
75.7 k Alcalá de Guadaíra Seville
36%
No matching quizzes found
Score Distribution
Percent of People with Each Score
Percentile by Number Answered
Your Score History
You have not taken this quiz since the last reset